Государственное регулирование национальной экономики (в вопросах и ответах): учебное пособие

التفاصيل البيبلوغرافية
المؤلف الرئيسي: Орешин В. П. Валерий Петрович
الملخص:Исключено из фонда НТБ ТПУ
اللغة:الروسية
منشور في: Москва, Инфра-М, 2000
سلاسل:Высшее образование
التنسيق: كتاب
KOHA link:https://koha.lib.tpu.ru/cgi-bin/koha/opac-detail.pl?biblionumber=13678

MARC

LEADER 00000nam0a2200000 4500
001 13678
005 20231030185123.0
010 |a 5160000992 
035 |a (RuTPU)RU\TPU\book\13761 
035 |a BOOK00013829 
090 |a 13678 
100 |a 20011209d2000 m y0rusy50 ca 
101 0 |a rus 
102 |a RU 
105 |a y j 000zy 
200 1 |a Государственное регулирование национальной экономики (в вопросах и ответах)  |e учебное пособие  |f В. П. Орешин 
210 |a Москва  |c Инфра-М  |d 2000 
215 |a 121 с. 
225 1 |a Высшее образование 
333 |a Исключено из фонда НТБ ТПУ 
700 1 |a Орешин  |b В. П.  |g Валерий Петрович 
801 0 |a RU  |b 63413507  |c 20011209  |g PSBO 
801 2 |a RU  |b 63413507  |c 20220526  |g PSBO 
942 |c BK